000 00653nam a2200229Ia 4500
003 OSt
005 20220918191109.0
006 a|||||r|||| 00| 0
007 ta
008 220917b |||||||| |||| 00| 0 eng d
024 _a61,437
037 _cTextual
040 _aARTS
_cARTS
_beng
041 _2eng
_aeng
082 _aQ6:210cR65,6, K2 (MIL)
100 _aParrinder Geoffrey
_942362
245 0 _aUpanishads Gita and Bible
_b a comparative study of hindu and Christian scriptures
260 _c1962
650 _aRELIGION
942 _hQ6:210cR65,6, K2 (MIL)
_cTEXL
_2CC
999 _c188289
_d188289